| 000 | 01149njm a22002657a 4500 | ||
|---|---|---|---|
| 005 | 20100906105518.0 | ||
| 006 | a|||||r|||||00| 0 | ||
| 007 | sd ammalaaahaa | ||
| 008 | 100831t xxu||||| |||| 00| 0 eng d | ||
| 028 |
_aN-53363 _bHis Master's Voice |
||
| 035 | _aGR-808 | ||
| 040 |
_aSED _cSED |
||
| 100 |
_aMohammad Rafi _917690 |
||
| 245 |
_aBabar / _cSung by Mohammad Rafi; music by Roshan; lyric by Sahir Ludhianvi _h[Sound Recording] : |
||
| 246 | _aबाबर / मोहम्मद रफ़ी द्वारा | ||
| 260 |
_aDum Dum, India _bHis Master's Voice |
||
| 300 |
_a1 sound disc (Gramophone Recording) _banalog 33 1/3 rpm _c9.5 in. (MP) _fGramophone Record |
||
| 500 | _aBrief Record | ||
| 505 | _aSide-1 इम्तिहान तो लो (Imtihan to lo) (Mohammad Rafi) Side-2 सलामे हसरत कुबूल कर लो (Salame hasrat kubul kar lo) (Sudha Malhotra) | ||
| 650 |
_aMotion Picture Music _xExcerpts _zIndia _917691 |
||
| 700 |
_aRoshan _918470 |
||
| 700 |
_aSahir Ludhianvi _918489 |
||
| 942 |
_2ddc _cGR |
||
| 999 |
_c43889 _d43889 |
||